'F' TV Shows by Cast Photo Quiz Stats

 Plays Quiz Updated May 24, 2016

Challenge
Share
Tweet
Score 0/18 Timer 06:00
3 Plays Today
% Correct
Friends
98%
The Fresh Prince of Bel-Air
97.3%
Full House
91.7%
Frasier
84.9%
Friday Night Lights
84.3%
Family Matters
77.8%
Freaks and Geeks
71.9%
Family Ties
65.5%
Fresh off the Boat
53.9%
% Correct
Firefly
52%
The Facts of Life
50.6%
Fawlty Towers
46.1%
Fringe
38%
The Following
27%
The Fosters
21.3%
Fear the Walking Dead
20.1%
Fame
17.2%
Falling Skies
12.9%

You're not logged in!

Compare scores with friends on all Sporcle quizzes.
Join for Free
OR
Log In

You Might Also Like...

Show Comments

Extras

Top Quizzes Today


Score Distribution

Your Account Isn't Verified!

In order to create a playlist on Sporcle, you need to verify the email address you used during registration. Go to your Sporcle Settings to finish the process.

Report this User

Report this user for behavior that violates our Community Guidelines.

Details: